00703 2200253 4500001002100000005001700021008004100038020002200079035002400101040001200125082001300137084001900150100001600169245005900185250001000244260003800254300003800292504003000330650001700360700002600377850001200403990001700415990001700432INLIS00000000002231520160906141751.0  a978-979-911-524-9 0010-091600000000087 aYOPDYOG a899.2217 a899.2217 Are P aAref Rahmat aParodi Meme Politikc/ Aref Rahmat; penyunting, Rahmat aCet.1 aYogyakartabMedia Pressindoc2014 aviii, 152 hlm.b: ilus.c; 20 cm. aBibliografi: hlm. 150-152 aKasusastraan aHasnul Arifin, Rahmat aYOPDYOG a3239-KS/B.15 a3240-KS/B.15